Movies Quiz

Random Movies or Box Office Quiz
Score 0/25 Timer 05:00
1 Play Today
Box Office Bomb % Correct
Green Lantern (-$105m, 2011)
94.9%
Speed Racer (-$106m, 2008)
70.3%
Battlefield Earth (-$73m, 2000)
43.5%
Around the World in 80 Days (-$68m, 2004)
41.6%
Sahara (-$121m, 2005)
41.1%
John Carter (-$67m, 2012)
41.1%
Gigli (-$67m, 2003)
38.3%
Land of the Lost (-$74m, 2009)
34.4%
Mars Needs Moms (-$136m, 2011)
34.2%
Treasure Planet (-$70m, 2002)
32%
The Adventures of Pluto Nash (-$113m, 2002)
30.4%
Stealth (-$94m, 2005)
23.8%
The 13th Warrior (-$98m, 1999)
17.5%
Box Office Bomb % Correct
The Alamo (-$119m, 2004)
16.6%
Cutthroat Island (-$96m 1995)
14.3%
Final Fantasy: The Spirits Within (-$82m, 2001)
13.7%
K-19: The Widowmaker (-$69m, 2002)
8.6%
How Do You Know (-$71m, 2010)
6.5%
Ballistic: Ecks vs. Sever (-$70m, 2002)
4.8%
Town & Country (-$95m, 2001)
4.1%
The Nutcracker in 3D (-$75m, 2010)
2.7%
Supernova (-$75m, 2000)
1.5%
A Sound of Thunder (-$68m, 2005)
1.4%
The Great Raid (-$69m, 2005)
1.4%
Monkeybone (-$68m, 2001)
1.4%
Remove Ads.
Support Sporcle.
Get the best of Sporcle when you Go Orange. This ad-free experience offers more features, more stats, and more fun while also helping to support Sporcle. Thank you for becoming a member.

You're not logged in!

Compare scores with friends on all Sporcle quizzes.
OR
Log In

Show Comments

Extras

Top Quizzes Today


Score Distribution

Your Account Isn't Verified!

In order to create a playlist on Sporcle, you need to verify the email address you used during registration. Go to your Sporcle Settings to finish the process.

Report this User

Report this user for behavior that violates our Community Guidelines.

Details: